Abundancia, distribucion y diversidad de peces en un arrecife coralino de la Isla de Gorgona: informe final (Registro nro. 144430)

Detalles MARC
001 - NÚMERO DE CONTROL
campo de control 589902
005 - FECHA Y HORA DE LA ÚLTIMA TRANSACCIÓN
campo de control 20260506084317.0
008 - DATOS DE LONGITUD FIJA--INFORMACIÓN GENERAL
campo de control de longitud fija 000414s1994 spa
035 ## - NÚMERO DE CONTROL DEL SISTEMA
Número de control de sistema 589902
035 ## - NÚMERO DE CONTROL DEL SISTEMA
Número de control de sistema (OCoLC)777770475
040 ## - FUENTE DE LA CATALOGACIÓN
Centro/agencia transcriptor comduadb
041 ## - CÓDIGO DE LENGUA
Código de lengua del texto/banda sonora o título independiente spa
082 #4 - NÚMERO DE LA CLASIFICACIÓN DECIMAL DEWEY
Número de clasificación 597
100 10 - ENTRADA PRINCIPAL--NOMBRE DE PERSONA
Nombre de persona Zapata R., Fernando
Código de función res
Término indicativo de función/relación Investigador/a
9 (RLIN) 305602
245 10 - MENCIÓN DE TÍTULO
Título Abundancia, distribucion y diversidad de peces en un arrecife coralino de la Isla de Gorgona: informe final
260 ## - PUBLICACIÓN, DISTRIBUCIÓN, ETC.
Lugar de publicación, distribución, etc. Cali :
Nombre del editor, distribuidor, etc. Universidad del Valle,
Fecha de publicación, distribución, etc. 1994.
300 ## - DESCRIPCIÓN FÍSICA
Extensión 153 páginas
650 ## - PUNTO DE ACCESO ADICIONAL DE MATERIA--TÉRMINO DE MATERIA
Término de materia o nombre geográfico como elemento de entrada Ecologia de peces
9 (RLIN) 8082
650 ## - PUNTO DE ACCESO ADICIONAL DE MATERIA--TÉRMINO DE MATERIA
Término de materia o nombre geográfico como elemento de entrada Peces marinos - Isla de Gorgona (Cauca)
9 (RLIN) 67940
650 ## - PUNTO DE ACCESO ADICIONAL DE MATERIA--TÉRMINO DE MATERIA
Término de materia o nombre geográfico como elemento de entrada Biodiversidad - Isla de Gorgona
9 (RLIN) 67941
700 10 - ENTRADA AGREGADA--NOMBRE PERSONAL
Nombre de persona Morales, Yaneth A.
Código de función res
Término indicativo de función/relación Investigador/a
9 (RLIN) 297720
942 ## - ELEMENTOS DE ENTRADA AGREGADA (KOHA)
Tipo de ítem Koha Libros
Existencias
Estado de retiro Estado de pérdida Estado dañado No para préstamo Código de colección Localización permanente Ubicación/localización actual Fecha de adquisición Número de inventario Total de préstamos Signatura topográfica completa Código de barras Fecha visto por última vez Número de copia Precio válido a partir de Tipo de ítem Koha
        Colección Semiactiva Planta Baja Biblioteca Carlos Gaviria Díaz, Campus Medellín Biblioteca Carlos Gaviria Díaz, Campus Medellín 20/06/2000 C638357   597.09861523 Z35 61000003827694 22/04/2023 1 22/04/2023 Libros